Представление документа в формате MARC21

Поле Инд. ПП Название Значение
Тип записи a
Библиографический уровень m
001 Контрольный номер c6297709-e2e1-41fc-bacc-3a77a42f8253
005 Дата корректировки 20190916151637.6
008 Кодируемые данные 001013 d
020 a ISBN 5-7331-0002-8
c Цена, тираж 33750
040 a Служба первич. каталог. НБ ТвГУ
041 0_ a Код языка текста rus
080 a Индекс УДК 882.09
a Индекс УДК 929Достоевский
084 a Индекс другой классификации/Индекс ББК Ш5(2=411.2)52-4Достоевский Ф.М.1
090 a Полочн. индекс Ш5(2=411.2)
x Авторский знак Л52
245 00 a Заглавие Летопись жизни и творчества Ф.М. Достоевского, 1821-1881
b Продолж. заглавия В 3 т
c Ответственность [Ин-т рус.лит.(Пушкин.дом)Рос.АН;Под ред.Н.Ф.Будановой,Г.М.Фридлендера;Сост.: А.В. Архипова и др.]
n Номер части/ раздела Т.3
p Название части/ раздела 1875-1881
260 0_ a Место издания СПб.
b Издательство Гуманит.агентство"Акад.проект"
c Дата издания 1995
300 a Объем 614 с.
504 a Библиография Указ.имен.,произведений:с.577-612.
583 a Действие Приписка 255 05.11.2003
k Исполнитель действия Дар Бойникова А.М.
650 04 a Основная рубрика Достоевский, Федор Михайлович, о нем
650 04 a Основная рубрика Русская литература
x Основная подрубрика История
y Хронологическая подрубрика 19 в.
653 0_ a Ключевые слова Достоевский
a Ключевые слова Персоналии
a Ключевые слова Писатели
a Ключевые слова Русская литература
a Ключевые слова Русские писатели
888 a Бесплатные
901 t Тип документа m
930 a Новая/Ретро персоналии
952 p 255.2003 86.00 1 770697
c Вид литературы К рн
954 a Дата поступления на обработку 07.06.96